| 000 | 01071cam a2200145 4500500 | ||
|---|---|---|---|
| 005 | 20251130003008.0 | ||
| 041 | _afre | ||
| 042 | _adc | ||
| 100 | 1 | 0 |
_aHuguet, Jean-Marc _eauthor |
| 700 | 1 | 0 |
_aVincent-Buffault, Anne _eauthor |
| 245 | 0 | 0 | _aLa formation d'une élite ouvrière : Industries électrique et gazière - 1940-1970 |
| 260 |
_bL'Harmattan,
_c2005. |
||
| 520 | _aLa tradition est longue où, pour apprendre le métier, l’apprenti faisait patiemment compagnonnage avec le maître de l’œuvre, pour ensuite cheminer le Tour de France du savoir-faire. Lorsque l’industrie a besoin de spécialistes en grand nombre, elle organise l’apprentissage aux métiers pour des bataillons d’ouvriers. C’est sans doute pendant la période dite de Vichy que l’apprentissage trouve sa pleine réalisation. L’ouvrage parcourt avec minutie l’histoire d’une transformation sociale qui a pour enjeu la formation professionnelle. | ||
| 856 | 4 | 1 | _uhttps://shs.cairn.info/la-formation-dune-elite-ouvriere--9782747577175?lang=fr&redirect-ssocas=7080 |
| 999 |
_c1565954 _d1565954 |
||